MARC details
| 000 -BAŞLIK |
| Sabit Uzunluktaki Kontrol Alanı |
04021nam a22002897a 4500 |
| 001 - KONTROL NUMARASI |
| Control Dosyası |
0000866 |
| 003 - KONTROL NUMARASI KİMLİĞİ |
| Kontrol Alanı |
KOHA_MİRAKIL |
| 005 - EN SON İŞLEM TARİHİ ve ZAMANI |
| Kontrol Alanı |
20260207001222.0 |
| 007 - FİZİKSEL TANIM SABİT ALAN - GENEL BİLGİ |
| Sabit uzunluklu kontrol alanı |
ta |
| 008 - SABİT UZUNLUKTAKİ VERİ ÖGELERİ - GENEL BİLGİ |
| Sabit Alan |
081212b2007 tu |||grn|||#0|||0|tur | |
| 020 ## - ISBN - ULUSLARARASI STANDART KİTAP NUMARASI |
| Isbn |
9789755114842 |
| Kullanılabilirlik koşulları |
YTL26,69 |
| 040 ## - KATALOGLAMA KAYNAĞI |
| Özgün Kataloglama Kurumu |
TR-BiSEU |
| Kataloglama Dili |
tur |
| Çeviri Kurumu |
TR-BiSEU |
| Açıklama Kuralları |
rda |
| 041 0# - DİL KODU |
| Metin ya da ses kaydının dil kodu |
tur |
| 044 ## - YAYINLAYAN/ÜRETEN KURULUŞUN ÜLKE KODU |
| ISO country code |
tu |
| 050 ## - SINIFLAMA ve YER NUMARASI |
| Sınıflama Numarası |
TK2541 |
| Yer Numarası |
.M47 2007 |
| 100 1# - KİŞİ ADI |
| Yazar Adı (Kişi adı) |
Mergen, Faik A.. |
| 245 1# - ESER ADI BİLDİRİMİ |
| Başlık |
Elektrik makinalarında sargılar/ |
| Sorumluluk Bildirimi |
Faik A. Mergen ; Faik A. Mergen, Derya Ahmet Kocabaş. |
| 264 #1 - ÜRERİM, YAYIN, DAĞITIM ve TELİF BİLDİRİMİ |
| Yayın yeri |
İstanbul : |
| Yayınlayan |
Birsen |
| Yayın tarihi |
2007 |
| 300 ## - FİZİKSEL TANIMLAMA |
| Sayfa, Cilt vb. |
303 sayfa: resimli |
| 336 ## - İÇERİK TÜRÜ |
| Content type term |
metin |
| Content type code |
txt |
| Source |
rdacontent |
| 337 ## - MEDYA TÜRÜ |
| Media type term |
aracısız |
| Media type code |
n |
| Source |
rdamedia |
| 338 ## - TAŞIYICI TÜRÜ |
| Carrier type term |
cilt |
| Carrier type code |
nc |
| Source |
rdacarrier |
| 505 ## - İÇİNDEKİLER NOTU |
| İçindekiler Notu |
İÇİNDEKİLER |
| 650 #0 - KONU BAŞLIĞI EK GİRİŞ - KONU TERİMİ |
| Konusal terim veya coğrafi ad |
Elektrik makineleri. |
| 9 (RLIN) |
2670 |
| 907 ## - LOCAL DATA ELEMENT G, LDG (RLIN) |
| a |
Araştırma |
| 942 ## - EK GİRİŞ ÖGELERİ (KOHA) |
| Source of classification or shelving scheme |
Library of Congress Classification |
| Koha item type |
Book |
| 505 ## - İÇİNDEKİLER NOTU |
| -- |
ŞEKİL LİSTESİ |
| -- |
TABLO LİSTESİ |
| -- |
ÖRNEK LİSTESİ |
| -- |
GİRİŞ VE SARGININ ÖNEMİ |
| -- |
Sargının Genel Yapısı |
| -- |
İletkenler |
| -- |
Sarımlar |
| -- |
Bobinler |
| -- |
Bobin Yanlan |
| -- |
Yalıtkan Malzemeler |
| -- |
Elektrik Makinelerinde Yalıtkanlar ve Ömür Kavramı. |
| -- |
Yalıtım Sınıfları |
| -- |
Elektrik Makinelerinde Kullanılan Yalıtkan Malzeme |
| -- |
Tipleri |
| -- |
İletken Dışındaki İzolasyon Malzemeleri |
| -- |
İki Tabakalı Sargılarda Bobin Yanı İçindeki |
| -- |
İzolasyon Malzemeleri |
| -- |
Cephe Bağlantısı İzolasyon Malzemeleri |
| -- |
Oluk İçi İzolasyon Malzemeleri |
| -- |
Bobinler Arası Bağlantılarda İzolasyon Malzemeler |
| -- |
Oluk ağzı yalıtkanları Yağ |
| -- |
SARGI TASARIMINDA KULLANILAN TERİMLER. |
| -- |
Bobin adımı |
| -- |
Kutup adımı |
| -- |
Oluk adımı |
| -- |
Geometrik açı |
| -- |
Elektrik açı |
| -- |
Bant açısı |
| -- |
Tam Sayı Oluklu Sargı |
| -- |
Çap Sargısı |
| -- |
Kirişlenmiş Sargı |
| -- |
Kesirli Sayılı Oluklu Sargı |
| -- |
Tabaka Sayısı |
| -- |
Cephe Bağlantısı ve Kat sayısı |
| -- |
Bobinde endüklenen gerilim |
| -- |
Sargı Faktörü |
| -- |
Sargının Dağılma Faktörü |
| -- |
Sargının Kirişlenme Faktörü |
| -- |
Sargıda endüklenen gerilim |
| -- |
. Gerilim Yıldızı |
| -- |
Eşpotansiyel bobinler ve Eşpotansiyel iletken |
| -- |
ALTERNATİF AKIM SARGILARI |
| -- |
Sargı Türleri |
| -- |
Oluk Adımına göre Sargı Türleri |
| -- |
Tam Oluklu Sargılar |
| -- |
Kesirli Oluklu Sargılar |
| -- |
Tabaka Sayısına göre Sargı Türleri |
| -- |
Bir Tabakalı Sargılar |
| -- |
Bir Tabakalı El Sargısı |
| -- |
Bir Tabakalı Kalıp Sargı |
| -- |
İki Tabakalı Sargılar |
| -- |
İki Tabakalı Dalgalı Sargı |
| -- |
İki Tabakalı Büklümlü (Kalıp) Sargı |
| -- |
Cephe Bağlantısı Kat Sayısına göre Sargı Türleri |
| -- |
2 katlı Cephe Bağlantısı |
| -- |
3 veya daha çok katlı Cephe Bağlantısı |
| -- |
Cephe Bağlantısı Kırık (Yamuk) bobinli |
| -- |
Kirişlenmiş Sargılar |
| -- |
Özel Uygulamalar |
| -- |
TRANSFORMATÖR SARGILARI |
| -- |
Silindirik Sargılar |
| -- |
Bir Tabakalı Sürekli Sargı |
| -- |
Çok Tabakalı Sürekli Sargı |
| -- |
Alt Gruptu Bobinleri olan Silindirik Sargı |
| -- |
Çok Tabakalı Spiral Tip Silindirik Sargı |
| -- |
Vida Şeklinde Sarılmış Silindirik Sargı |
| -- |
Alçak Gerilim Sargıları |
| -- |
Paralel Kol |
| -- |
Yüksek Gerilim Sargıları |
| -- |
Giriş Bobini |
| -- |
Basit Bobin |
| -- |
Çift Bobin |
| -- |
Ayar Bobinleri |
| -- |
Disk Sargılar |
| -- |
Transformatör Sargı Hesabı Örneği |
| -- |
DOĞRU AKIM SARGILARI |
| -- |
Endüvi Sargıları |
| -- |
Büklümlü Sargı |
| -- |
Basit Büklümlü Sargı |
| -- |
Çok Dolaşımlı Büklümlü Sargı |
| -- |
Dalgalı Sargı |
| -- |
Basit Dalgalı Sargı |
| -- |
Çok Dolaşımlı Dalgalı Sargı |
| -- |
Yapay Kapanmış Sargı |
| -- |
Kör Bobinli Sargı |
| -- |
Kutup Sargıları |
| -- |
Ana Kutup Sargıları |
| -- |
Yardımcı Kutup Sargıları |
| -- |
Kompanzasyon Sargısı |
| -- |
Uyarma (Ana Kutup) Sargısı, Yardımcı Kutup Sargı: ve Kompanzasyon Sargısı Hesabı |
| -- |
ÜÇ FAZLI ASENKRON MOTORUN STATOR SARGILARININ SARILMASI |
| -- |
Örnek Motor |
| -- |
Motor Sarılırken Kullanılacak Malzemeler |
| -- |
Bakır tel |
| -- |
Presbant |
| -- |
Makaron |
| -- |
Vernik |
| -- |
Motor Sarım Aşamaları |
| -- |
Oluk İçi İzolasyonların Ve Oluk Ağzı Kapaklarının |
| -- |
Hazırlanması |
| -- |
Bobinlerin Sarılması |
| -- |
Bobinlerin Yerleştirilip Uç Bağlantılarının Yapılması. |
| -- |
Cephe Bağlantılarının Yalıtılması.. Bağlantı Kutusunun Oluşturulması Sargıların Vetniklenmesi |
| -- |
SARGI İLE İLGİLİ DENEYLER |
| -- |
Sarım deneyi |
| -- |
Sargı Deneyi... |
| -- |
Yalıtkan deneyi (Megger Testi) |
| -- |
Isınma Deneyi |
| -- |
İNDEKS |
| -- |
KAYNAKÇA |